000 00931nam a22003137a 4500
001 BR2012004265
003 BR-BrBNA
005 20230928104008.0
007 ta
008 230509b bl.||||| |||| 00| 0 por d
040 _aBR-BrBNA
_bpor
_cBiblioteca Nacional de Agricultura
041 _a(Por)
072 _aL70
_b8134
_b3321
_b9530
090 _ 8134 BR2012004265
100 1 _aCosta, L.S.
110 1 _aUniversidade Federal de Lavras, MG (Brasil)
_0Tese (Mestrado)
245 1 _aAvaliação de óleo de cravo e benzocaína como anestésicos para juvenis de tilápia nilótica
260 3 _aLavras, MG (Brasil):
_c2011.
300 _a53 p.
500 _aSummaries (Eng, Por); 42 ref.; 8 tables; 6 illus.
650 _aTILÁPIA NILÓTICA
650 _aCRAVO
650 _aÓLEO VEGETAL
650 _aANESTÉSICO
650 _aSTRESS
650 _aMANEJO
909 _a202309
_bLucia
_c55
_dLucia Elande
942 _cBK
999 _c77605
_d77605